South Eastern Kenya University

Library Online Public Access Catalogue


Microeconomics : (Record no. 8939)

MARC details
000 -LEADER
fixed length control field 00570cam a2200181 a 4500
020 ## - ISBN
International Standard Book Number 9781111822569 (pbk.)
020 ## - ISBN
International Standard Book Number 1111822565 (pbk.)
050 00 - LIBRARY OF CONGRESS CALL NUMBER
Classification Number HB172
Item Number .H35 2013
100 1# - MAIN ENTRY--Author
Personal name Hall, Robert Ernest,
Dates associated with a name 1943-
245 10 - TITLE
Title Microeconomics :
Remainder of title principles & applications /
Statement of responsibility, etc Robert E. Hall, Marc Lieberman.
250 ## - EDITIONSTATEMENT
Edition statement 6th ed.
260 ## - PUBLICATION, DISTRIBUTION, ETC.(IMPRINT)
Place of publication, distribution, etc Mason, OH :
Name of publisher, distributor, etc South-Western Cengage Learning,
Date of publication, distribution, etc c2013.
300 ## - PHYSICAL DESCRIPTION
Extent 1 v. (various pagings) :
500 ## - GENERALNOTE
General note Includes index.
650 ## - SUBJECT--TOPIC
General subdivision Macroeconomics ;
-- Microeconomics.
700 1# - ADDED ENTRY--PERSONAL AUTHOR
Personal Name Lieberman, Marc.
942 ## - ADDED ENTRY ELEMENTS(KOHA)
Source of classification or shelving scheme Library of Congress Classification
Koha item type General circulation
Holdings
Source of classification or shelving scheme Not for loan Location (home branch) Sublocation (holding branch) Shelving location Date accessioned Cost, normal purchase price Full call number Barcode Cost, replacement price Nonpublic note Koha item type Public note
Library of Congress Classification   Mtito Andei Centre Library Mtito Andei Centre Library   15/09/2015 21128.00 HB172 .H35 2013 2015/007838 23240.00 Nzk General circulation Nzk
Kitui, Kenya.
+254736116989
library@seku.ac.ke